000 00430nam a2200181Ia 4500
005 20250423100042.0
008 250422s9999 xx 000 0 und d
020 _a0-06-044324-3
050 _aHB 172.5 .M365/
100 _aStephen McCafferty
245 0 _aMacroeconomics Theory
260 _aNew York
260 _bHarper & Row, Publisher
260 _c1990
300 _a478 p
650 _aMacroeconomics
942 _cBK
999 _c32141
_d32141